ბათუმის შოთა რუსთაველის სახელმწიფო უნივერსიტეტის ბიბლიოთეკა

ენერგეტიკის რეგულირების საფუძვლები : წ.II . / (ბიბ.ჩანაწერი № 36854)

000 -ლიდერი
ფიქსირებული სიგრძის საკონტროლო ველი 01326nam a2200265Ia 4500
001 - საკონტროლო ნომერი
საკონტროლო ველი 2803
003 - საკონტროლო ნომრის იდენტიფიკატორი
საკონტროლო ველი GE_BSU
005 - ბოლო ოპერაციის თარიღი და დრო
საკონტროლო ველი 20190507134630.0
008 - ფიქსირებული სიგრძის მონაცემთა ელემენტები - ზოგადი ინფორმაცია
ფიქსირებული სიგრძის საკონტროლო ველი 181216s2001|||| |||||||||||||| ||geo||
020 ## - წიგნის საერთაშორისო სტანდარტული ნომერი
International Standard Book Number 99992882832
040 ## - კატალოგიზაციის წყარო
Transcribing agency GE_BSU
041 ## - ენის კოდი
Language code of text/sound track or separate title geo
082 ## - დუის ათობითი კლასიფიკაციის ინდექსი
Edition number 621.31(479.22) ე–78
100 ## - მთავარი ჩანაწერი - პიროვნების სახელი
Personal name ერისთავი,ელიზბარ
9 (RLIN) 871
245 ## - ცნობა სათაურის შესახებ
Title ენერგეტიკის რეგულირების საფუძვლები : წ.II . /
Statement of responsibility, etc ელიზბარ ერისთავი ; დემურ ჩომახიძე ; პაატა ცინცაძე ; სამეც. რედ : რევაზ არველაძე
264 ## - წარმოების, გამოცემის, დისტრიბუციის და სხვა ცნობები
გამოცემის, წარმოების, დისტრიბუციის... ადგილი თბილისი ;
გამოცემის, წარმოების, დისტრიბუციის... თარიღი 2001
300 ## - ფიზიკური აღწერა
Extent 395 გვ .:
Other physical details ცხრ.
Dimensions 20სმ.
Accompanying material 2ფ. ილ
520 ## - SUMMARY, ETC.
Summary, etc რეზიუმე ინგლ. და რუს. ენაზე
653 ## - INDEX TERM--UNCONTROLLED
Uncontrolled term ენერგეტიკის რეგულირების საფუძვლები
653 ## - INDEX TERM--UNCONTROLLED
Uncontrolled term ენერგერიკა
700 ## - ADDED ENTRY--PERSONAL NAME
Personal name ჩომახიძე, დემურ
9 (RLIN) 875
700 ## - ADDED ENTRY--PERSONAL NAME
Personal name ცინცაძე, პაატა
9 (RLIN) 873
700 ## - ADDED ENTRY--PERSONAL NAME
Personal name არველაძე, რევაზ
Dates associated with a name სამეცნიერო რედაქტორი
9 (RLIN) 876
942 ## - ADDED ENTRY ELEMENTS (KOHA)
Koha item type წიგნი
Source of classification or shelving scheme
ეგზემპლარები
ჩამოწერის სტატუსი დაკარგული ეგზემპლარის სტატუსი კლასიფიკაციის წყარო ან თაროზე გაწყობის სქემა დაზიანების სტატუსი არ გაიცემა მუდმივი მდებარეობა (დაცვის ადგილი) ამჟამინდელი ადგილსამყოფელი თაროზე განთავსების ადგილი შეძენის თარიღი ღირებულება, შესყიდვის ნორმალური ფასი შტრიხკოდი ბოლო ოპერაციის თარიღი ეგზემპლარის მიმდევრობითი ნომერი (კეტერი?) ფასის ძალაში შესვლის თარიღი ეგზემპლარის სახეობა საჯარო შენიშვნა
          ბათუმის შოთა რუსთაველის სახელმწიფო უნივერსიტეტის მთავარი ბიბლიოთეკა ბათუმის შოთა რუსთაველის სახელმწიფო უნივერსიტეტის მთავარი ბიბლიოთეკა წიგნსაცავი 2018-12-17 27.00 7748 2018-12-17 7748 2018-12-17 წიგნი 27 ლ.